[Event "AUTO-MASTER-2691"]
[Site "http://www.queenalice.com/game.php?id=1514358"]
[Date "2018.2.1"]
[Round "1"]
[White "honoriolemos"]
[Black "Andrez"]
[Result "1-0"]
[WhiteElo "2273"]
[BlackElo "2028"]

1. d4 h6 2. c4 g5 3. Nc3 d6 4. e4 Bg7 5. Be3 Nc6 6. a3 e5 7. d5 Nce7 8. b4 Ng6
9. Nf3 N8e7 10. Nd2 f5 11. f3 O-O 12. Qc2 Nf4 13. c5 Neg6 14. cxd6 cxd6 15. Nc4
Bd7 16. Nxd6 fxe4 17. Ncxe4 Qe7 18. Nxb7 Nxd5 19. Bc4 Be6 20. Bc5 Qxb7 21. Nd6
Qd7 22. Qxg6 Rf6 23. Qc2 Ne3 24. Bxe6+ Rxe6 25. Bxe3 Rxd6 26. O-O e4 27. Qxe4
Bxa1 28. Qxa8+ Kf7 29. Rxa1 Rd3 30. Qe4 Kg7 31. h3 a6 32. Bc5 1-0

[Event "AUTO-MASTER-2691"]
[Site "http://www.queenalice.com/game.php?id=1514359"]
[Date "2018.2.1"]
[Round "1"]
[White "Andrez"]
[Black "honoriolemos"]
[Result "0-1"]
[WhiteElo "2005"]
[BlackElo "2280"]

1. g4 d5 2. h3 c5 3. d3 Nc6 4. Bg2 e6 5. Nc3 a6 6. e4 d4 7. Nce2 Bd6 8. Ng3 Qc7
9. N1e2 b5 10. O-O Bb7 11. f4 f6 12. a3 Nge7 13. Nh5 Ng6 14. Qe1 O-O 15. Bd2
Rae8 16. Qf2 Bc8 17. Neg3 c4 18. Rac1 c3 19. bxc3 Bxa3 20. Rce1 dxc3 21. Bxc3
Bd6 22. g5 Be7 23. gxf6 gxf6 24. f5 e5 25. fxg6 hxg6 26. Qe3 Kh7 27. Bd2 Qa7 28.
Kh1 Qxe3 29. Bxe3 gxh5 30. Nxh5 Be6 31. Rf2 Kg6 32. Ng3 Rh8 33. Nf5 Bf8 34. Ref1
a5 35. Kh2 a4 36. Bf3 a3 37. Bg4 Kh7 38. Kg2 Rg8 39. Kh2 b4 40. Kg3 Bxf5 41.
Rxf5 Be7 42. Rh5+ Kg7 43. Kh2 Nd4 44. Bxd4 exd4 45. Be6 Bd6+ 46. e5 Bxe5+ 47.
Rxe5 fxe5 48. Bxg8 Kxg8 49. Kg3 Kg7 50. Re1 Kf6 51. Kf3 Kf5 52. Ke2 Rh8 53. Rf1+
Ke6 54. Rb1 Rb8 55. Kd2 Kf5 56. Rf1+ Kg5 57. Kc1 Kh4 58. Kb1 Kxh3 59. Ka2 Kg4
60. Kb3 Kg3 61. Ka2 Rc8 62. Kb3 Rc3+ 63. Kxb4 Rxc2 64. Kxa3 Rc3+ 65. Kb4 Rxd3
66. Kc4 Re3 67. Kd5 Kg4 68. Kc4 Rf3 69. Rh1 Kf4 70. Kd5 Re3 71. Rh4+ Kf3 72.
Rh3+ Ke2 73. Rh2+ Kd3 74. Rh1 Kd2 75. Ra1 Re2 76. Ra2+ Ke1 77. Ra1+ Kf2 78. Ra3
Re3 79. Ra2+ Kf3 80. Ra1 d3 81. Kc4 d2 0-1

[Event "AUTO-MASTER-2691"]
[Site "http://www.queenalice.com/game.php?id=1514360"]
[Date "2018.2.1"]
[Round "1"]
[White "honoriolemos"]
[Black "ECCelestino"]
[Result "1-0"]
[WhiteElo "2271"]
[BlackElo "1915"]

1. d4 d5 2. c4 c5 3. cxd5 Nf6 4. Nc3 Nxd5 5. dxc5 e6 6. Nxd5 exd5 7. Be3 Be7 8.
Nf3 O-O 9. g3 Nc6 10. Bg2 Bf6 11. Qd2 Re8 12. O-O Be6 13. Rfd1 Qc7 14. a3 b6 15.
cxb6 axb6 16. Rdc1 Qb7 17. Nd4 Rac8 18. Nxe6 Rxe6 19. Rab1 Rd6 20. Bh3 Rc7 21.
b4 d4 22. Bf4 Ne5 23. Bg2 Rxc1+ 24. Rxc1 Rd8 25. Bxb7 Ng6 26. Rc8 Nxf4 27. Rxd8+
Bxd8 28. Qxf4 f6 29. Qxd4 Bc7 30. Qc4+ 1-0

[Event "AUTO-MASTER-2691"]
[Site "http://www.queenalice.com/game.php?id=1514361"]
[Date "2018.2.1"]
[Round "1"]
[White "ECCelestino"]
[Black "honoriolemos"]
[Result "0-1"]
[WhiteElo "1903"]
[BlackElo "2260"]

1. d4 Nf6 2. Nc3 d5 3. e3 Bf5 4. Nf3 c6 5. Nh4 Bg6 6. Nxg6 hxg6 7. Be2 e6 8. O-O
Bd6 9. b3 Qc7 10. a3 Bxh2+ 11. Kh1 Bg1+ 0-1

[Event "Challenge"]
[Site "http://www.queenalice.com/game.php?id=1535419"]
[Date "2018.7.19"]
[Round "-"]
[White "Mulder"]
[Black "honoriolemos"]
[Result "1-0"]
[WhiteElo "2498"]
[BlackElo "2277"]

1. d4 d5 2. c4 e6 3. Nc3 Be7 4. cxd5 exd5 5. Bf4 c6 6. Qc2 Nf6 7. e3 O-O 8. Nf3
Bg4 9. Ne5 Bh5 10. Bd3 Nbd7 11. O-O Nxe5 12. Bxe5 Bg6 13. Bxg6 hxg6 14. Rac1 Bd6
15. Bxd6 Qxd6 16. Na4 Nd7 17. Rfd1 Rfc8 18. Nc5 Nxc5 19. dxc5 Qd7 20. Rd4 g5 21.
h4 g4 22. e4 g3 23. fxg3 Qg4 24. Qd3 dxe4 25. Rxe4 Qh5 26. Re7 Rd8 27. Qe3 Qd5
28. Rxb7 Qxa2 29. Rf1 Rf8 30. Qe4 Rac8 31. b4 a5 32. Ra7 a4 33. Kh2 Qb3 34. Ra1
Rfe8 35. Qf5 Rcd8 36. R1xa4 Rd3 37. Ra3 1-0

[Event "AUTO-OPEN-3831"]
[Site "http://www.queenalice.com/game.php?id=1538657"]
[Date "2018.8.13"]
[Round "3"]
[White "deepjcc"]
[Black "honoriolemos"]
[Result "1/2-1/2"]
[WhiteElo "2444"]
[BlackElo "2264"]

1. d4 Nf6 2. Nf3 e6 3. Bf4 d5 4. e3 Be7 5. Nbd2 O-O 6. Bd3 Nbd7 7. Ne5 Nxe5 8.
dxe5 Nd7 9. h4 f6 10. Qh5 f5 11. Nf3 Qe8 12. Qxe8 Rxe8 13. c3 c5 14. h5 a6 15.
a4 c4 16. Bc2 Nc5 17. Rg1 Bd7 18. g4 fxg4 19. Rxg4 Bf8 20. Ke2 Re7 21. a5 Rb8
22. Ng5 Nd3 23. b4 Be8 24. Rh4 g6 25. h6 Rc8 26. Bg3 Bd7 27. f4 Ree8 28. Nf3 Be7
29. Rh3 Rf8 30. Bh4 Bxh4 31. Rxh4 Rc7 32. Nd4 Kf7 33. Rg4 Kg8 34. Rg5 1/2-1/2

[Event "AUTO-OPEN-3831"]
[Site "http://www.queenalice.com/game.php?id=1538658"]
[Date "2018.8.13"]
[Round "3"]
[White "honoriolemos"]
[Black "deepjcc"]
[Result "0-1"]
[WhiteElo "2284"]
[BlackElo "2439"]

1. e4 c5 2. Nf3 Nc6 3. d4 cxd4 4. Nxd4 e5 5. Nxc6 bxc6 6. Be2 Nf6 7. Bg5 Qa5+ 8.
Bd2 Qb6 9. Nc3 Be7 10. O-O O-O 11. a3 Qxb2 12. Rb1 Qxa3 13. Re1 a5 14. Rb3 Qd6
15. Na4 Nxe4 16. Bd3 Nxd2 17. Qxd2 Qc7 18. c3 d5 19. Qe2 Bd6 20. Qh5 e4 21. Bc2
g6 22. Qg5 Bxh2+ 23. Kh1 Bf4 24. Qh4 Ba6 25. Nc5 Bb5 0-1

[Event "AUTO-MASTER-2691"]
[Site "http://www.queenalice.com/game.php?id=1539632"]
[Date "2018.8.20"]
[Round "2"]
[White "honoriolemos"]
[Black "Donidon"]
[Result "0-1"]
[WhiteElo "2269"]
[BlackElo "2453"]

1. e4 e5 2. Nf3 Nc6 3. Bb5 a6 4. Ba4 b5 5. Bb3 Nf6 6. d3 Be7 7. c3 O-O 8. O-O d6
9. Nbd2 Bb7 10. Re1 Na5 11. Bc2 c5 12. Nf1 Re8 13. Ng3 Bf8 14. Nf5 h6 15. h3 d5
16. g4 dxe4 17. dxe4 Qxd1 18. Rxd1 Bxe4 19. Bxe4 Nxe4 20. Re1 Nf6 21. Rxe5 Rxe5
22. Nxe5 Nb7 23. Bf4 Re8 24. Nf3 h5 25. g5 Nd5 26. Be5 g6 27. Rd1 Nxc3 28. Bxc3
gxf5 29. Rd7 Nd6 30. Kf1 Ne4 31. Be5 Nxg5 32. Nxg5 Rxe5 33. Ra7 f4 34. h4 f6 35.
Nh3 f3 36. Nf4 Rf5 0-1

[Event "AUTO-MASTER-2691"]
[Site "http://www.queenalice.com/game.php?id=1539633"]
[Date "2018.8.20"]
[Round "2"]
[White "Donidon"]
[Black "honoriolemos"]
[Result "1-0"]
[WhiteElo "2420"]
[BlackElo "2272"]

1. e4 c5 2. Nf3 d6 3. d4 cxd4 4. Nxd4 Nf6 5. Nc3 a6 6. Be2 e5 7. Nb3 Be6 8. O-O
Be7 9. Be3 O-O 10. f4 exf4 11. Rxf4 Nc6 12. a4 Ne5 13. Nd4 Rc8 14. Qd2 Ng6 15.
Rff1 Ne5 16. Nf5 Nc4 17. Bxc4 Rxc4 18. Nxe7+ Qxe7 19. Bg5 Qd8 20. Kh1 Kh8 21. e5
dxe5 22. Qxd8 Rxd8 23. Rxf6 1-0

[Event "AUTO-MASTER-2691"]
[Site "http://www.queenalice.com/game.php?id=1539634"]
[Date "2018.8.20"]
[Round "2"]
[White "honoriolemos"]
[Black "Sacapiece"]
[Result "1/2-1/2"]
[WhiteElo "2269"]
[BlackElo "2275"]

1. e4 c5 2. Nf3 d6 3. d4 cxd4 4. Nxd4 Nf6 5. Nc3 g6 6. Be3 Bg7 7. Qd2 Ng4 8. Bg5
h6 9. Bh4 Nc6 10. Nb3 Be6 11. h3 Nge5 12. Nd5 Nd7 13. c3 g5 14. Bg3 Bxd5 15.
exd5 Nce5 16. Be2 Rc8 17. O-O O-O 18. Kh1 Ng6 19. Rae1 Nc5 20. Nxc5 Rxc5 21. c4
Rc8 22. b3 b5 23. Bd3 bxc4 24. bxc4 Ne5 25. Bxe5 Bxe5 26. h4 Bf4 27. Qe2 Qd7 28.
Qxe7 Qg4 29. Re3 Bxe3 30. fxe3 Qxh4+ 31. Kg1 Rce8 32. Qf6 Rxe3 33. Qf5 Rxd3 34.
Qxd3 Re8 35. Qf3 Qd4+ 36. Kh1 Qh4+ 37. Kg1 Qd4+ 38. Kh1 1/2-1/2

[Event "AUTO-MASTER-2691"]
[Site "http://www.queenalice.com/game.php?id=1539635"]
[Date "2018.8.20"]
[Round "2"]
[White "Sacapiece"]
[Black "honoriolemos"]
[Result "1/2-1/2"]
[WhiteElo "2275"]
[BlackElo "2269"]

1. e4 c5 2. Nf3 d6 3. d4 cxd4 4. Nxd4 Nf6 5. Nc3 a6 6. Bg5 e6 7. f4 Be7 8. Qf3
Qc7 9. O-O-O Nbd7 10. g4 h6 11. Bxf6 Bxf6 12. Qh3 g5 13. f5 Qb6 14. Nb3 Qc7 15.
Nd4 Ne5 16. Be2 Nc6 17. Nxc6 Qxc6 18. fxe6 Bxe6 19. Nd5 Be5 20. Rhf1 Rc8 21. Bd3
Bxd5 22. exd5 Qa4 23. a3 Qa5 24. Qh5 Bf4+ 25. Kb1 Qd8 26. Rde1+ Kf8 27. Re2 Qf6
28. Rfe1 Kg7 29. Bf5 Rc5 30. Re7 Be5 31. Rxb7 Rxd5 32. Bd3 Rxd3 33. cxd3 Qf3 34.
Rb3 Rc8 35. Ka2 Rc2 36. d4 Bxd4 37. Rxf3 Rxb2+ 38. Ka1 Rb5+ 1/2-1/2

[Event "AUTO-ELITE-2232"]
[Site "http://www.queenalice.com/game.php?id=1611547"]
[Date "2020.5.10"]
[Round "1"]
[White "josebaron"]
[Black "honoriolemos"]
[Result "1-0"]
[WhiteElo "2461"]
[BlackElo "2257"]

1. e4 e6 2. Nf3 d5 3. exd5 exd5 4. d4 Bd6 5. Be2 Nf6 6. O-O O-O 7. h3 Bf5 8. Bd3
Bxd3 9. Qxd3 Re8 10. Bg5 Nbd7 11. Nbd2 c6 12. c4 dxc4 13. Nxc4 Be7 14. Rad1 h6
15. Bf4 Nf8 16. Rfe1 Nd5 17. Bg3 Ng6 18. Qb3 Qd7 19. Nfe5 Nxe5 20. dxe5 Rad8 21.
a3 Qc8 22. Kf1 1-0

[Event "AUTO-ELITE-2232"]
[Site "http://www.queenalice.com/game.php?id=1611548"]
[Date "2020.5.10"]
[Round "1"]
[White "honoriolemos"]
[Black "josebaron"]
[Result "0-1"]
[WhiteElo "2263"]
[BlackElo "2457"]

1. e4 e5 2. Nf3 Nc6 3. Bc4 Be7 4. O-O Nf6 5. d3 O-O 6. c3 Na5 7. Bb5 d6 8. Re1
a6 9. Ba4 b5 10. Bc2 Re8 11. Nbd2 c5 12. Nf1 h6 13. Ng3 Nc6 14. d4 exd4 15. cxd4
Bg4 16. dxc5 dxc5 17. h3 Qxd1 18. Rxd1 Bxf3 19. gxf3 Nd4 20. Bb1 Nxf3+ 0-1

[Event "AUTO-ELITE-2232"]
[Site "http://www.queenalice.com/game.php?id=1611551"]
[Date "2020.5.10"]
[Round "1"]
[White "sabat"]
[Black "honoriolemos"]
[Result "1-0"]
[WhiteElo "2370"]
[BlackElo "2253"]

1. d4 Nf6 2. Nf3 e6 3. c4 Bb4+ 4. Bd2 Bxd2+ 5. Qxd2 d5 6. e3 O-O 7. Nc3 Nbd7 8.
Rc1 b6 9. cxd5 exd5 10. Bd3 Re8 11. O-O Bb7 12. b4 Ne4 13. Qb2 a6 14. a4 Rb8 15.
b5 a5 16. Qa2 Ndf6 17. Ne5 Re7 18. Ne2 Rxe5 19. dxe5 Nd7 20. Bxe4 dxe4 21. Rfd1
Rc8 22. e6 1-0

[Event "AUTO-ELITE-2232"]
[Site "http://www.queenalice.com/game.php?id=1611552"]
[Date "2020.5.10"]
[Round "1"]
[White "honoriolemos"]
[Black "sabat"]
[Result "0-1"]
[WhiteElo "2222"]
[BlackElo "2378"]

1. e4 c6 2. d4 d5 3. exd5 cxd5 4. c4 Nf6 5. Nc3 g6 6. Qb3 Bg7 7. cxd5 O-O 8. Be2
Na6 9. Bf4 Qb6 10. Qxb6 axb6 11. Bf3 Nb4 12. Kf1 Nd3 13. Nge2 Bg4 14. Bxg4 Nxg4
15. f3 Nxf4 16. Nxf4 Ne3+ 17. Ke2 Nc2 18. Rac1 Nxd4+ 19. Kf2 Rfc8 20. Rhe1 Nf5
21. g4 Nd6 22. Rxe7 Bh6 0-1

[Event "AUTO-OPEN-4172"]
[Site "http://www.queenalice.com/game.php?id=1611594"]
[Date "2020.5.10"]
[Round "1"]
[White "Polyphem"]
[Black "honoriolemos"]
[Result "1-0"]
[WhiteElo "1847"]
[BlackElo "2188"]

1. d4 Nf6 2. c4 e6 3. Nc3 Bb4 4. Qc2 O-O 5. e4 d5 6. cxd5 exd5 7. e5 Ne4 8. Nf3
Bf5 9. Qb3 Bxc3+ 10. bxc3 b6 11. Nd2 c5 12. Nxe4 Bxe4 13. f3 Bg6 14. Be2 Qh4+
15. Kf1 Qd8 16. a4 Nc6 17. Ba3 c4 18. Qb5 Ne7 19. Kf2 Re8 20. Rhf1 h5 21. Qb2
1-0

[Event "AUTO-OPEN-4172"]
[Site "http://www.queenalice.com/game.php?id=1611595"]
[Date "2020.5.10"]
[Round "1"]
[White "honoriolemos"]
[Black "Polyphem"]
[Result "0-1"]
[WhiteElo "2245"]
[BlackElo "1817"]

1. e4 e5 2. Nf3 Nc6 3. Bc4 h6 4. c3 Nf6 5. d3 d5 6. exd5 Nxd5 7. O-O Bg4 8. Re1
Be7 9. Nbd2 O-O 10. Nf1 Bf6 11. Ng3 Nb6 12. Bb3 Qd7 13. h3 Be6 14. Ne4 Be7 15.
Be3 f5 16. Bxe6+ Qxe6 17. Nc5 Qf7 18. Nb3 Rad8 19. Qc2 f4 20. Bc5 Nd5 0-1

[Event "AUTO-OPEN-4172"]
[Site "http://www.queenalice.com/game.php?id=1611622"]
[Date "2020.5.10"]
[Round "1"]
[White "Asspain"]
[Black "honoriolemos"]
[Result "1-0"]
[WhiteElo "2171"]
[BlackElo "2201"]

1. e4 e6 2. d4 d5 3. Nc3 Nf6 4. Bg5 Be7 5. e5 Nfd7 6. h4 Nc6 7. Nf3 f6 8. Bf4
O-O 9. Qd2 fxe5 10. Bxe5 Ncxe5 11. Nxe5 Nxe5 12. dxe5 Bc5 13. f3 a6 14. O-O-O
Bb4 15. Rh3 b6 16. a3 Bxc3 17. Qxc3 c5 18. Be2 Bd7 19. Qe3 Bb5 20. Rdh1 d4 21.
Qf2 Bxe2 22. Qxe2 b5 23. Rg3 c4 24. h5 1-0

[Event "AUTO-OPEN-4172"]
[Site "http://www.queenalice.com/game.php?id=1611623"]
[Date "2020.5.10"]
[Round "1"]
[White "honoriolemos"]
[Black "Asspain"]
[Result "0-1"]
[WhiteElo "2215"]
[BlackElo "2157"]

1. e4 c6 2. d4 d5 3. exd5 cxd5 4. c4 Nf6 5. Nc3 e6 6. Nf3 Nc6 7. c5 b6 8. Bb5
Bd7 9. cxb6 Qxb6 10. O-O Bb4 11. Ba4 O-O 12. Be3 Rfc8 13. Ne5 Be8 14. Nxc6 Bxc6
15. Bxc6 Rxc6 16. Rc1 Rac8 17. Qb3 Bxc3 18. Rxc3 Rxc3 19. Qxb6 axb6 20. bxc3
Rxc3 21. h3 Nd7 22. Ra1 Kf8 0-1

[Event "AUTO-OPEN-4172"]
[Site "http://www.queenalice.com/game.php?id=1611640"]
[Date "2020.5.10"]
[Round "1"]
[White "sabinobh"]
[Black "honoriolemos"]
[Result "0-1"]
[WhiteElo "1343"]
[BlackElo "2252"]

1. d4 Nf6 2. c4 e6 3. Nc3 Bb4 4. Nf3 Bxc3+ 5. bxc3 b6 6. g3 Bb7 7. Bg2 d6 8. O-O
h6 9. a4 Nbd7 10. a5 O-O 11. Qa4 c5 12. Bf4 Qe7 0-1

[Event "AUTO-OPEN-4172"]
[Site "http://www.queenalice.com/game.php?id=1611641"]
[Date "2020.5.10"]
[Round "1"]
[White "honoriolemos"]
[Black "sabinobh"]
[Result "1-0"]
[WhiteElo "2251"]
[BlackElo "1345"]

1. e4 e5 2. Nf3 Nc6 3. Bc4 Be7 4. d3 Nf6 5. O-O O-O 6. c3 d6 7. Re1 Na5 8. Bb5
Bd7 9. Bxd7 Qxd7 10. b4 Nc6 11. d4 exd4 12. Nxd4 1-0